La fe en nuestro tiempo

Wedi'i Gadw mewn:
Manylion Llyfryddiaeth
Prif Awdur: Guardini, Romano (Awdur)
Fformat: Llyfr
Iaith:Sbaeneg
Cyhoeddwyd: Madrid Los Libros del Monograma 1965
Cyfres:Colección Cristianismo y Hombre Actual, 66
Pynciau:
Tagiau: Ychwanegu Tag
Dim Tagiau, Byddwch y cyntaf i dagio'r cofnod hwn!

MARC

LEADER 00000nam a2200000 a 4500
001 UCR1866
003 CL-VaPUC
008 971219e19650000SP |||||||||||||||||spa|d
082 0 4 |a 234.2  |b GUA  |2 21 
100 0 |a Guardini, Romano  |e author  |9 341352 
245 1 3 |a La fe en nuestro tiempo 
300 |a 220 p 
942 |c BK 
945 |d 19971219 00:00:00  |a rleighto 
260 |a Madrid  |b Los Libros del Monograma  |c 1965 
650 0 |a Cristianismo  |9 257361 
650 0 |a Fe  |9 308036 
650 0 |a Ateísmo  |9 265671 
650 0 |a Bien  |9 335293 
650 0 |a Conciencia  |9 309452 
650 0 |a Libertad  |9 255686 
583 |a last modification  |c 19971219 00:00:00  |k Rodrigo Vera 
490 0 |a Colección Cristianismo y Hombre Actual, 66 
999 |c 265209  |d 265207 
952 |0 0  |1 0  |4 0  |6 234_200000000000000_GUA_1965  |7 0  |8 A  |9 296049  |a BIBTEO  |b BIBTEO  |d 2019-11-20  |i 3384357  |o 234.2 GUA 1965  |p 3384357  |r 2025-01-17  |w 2019-11-20  |y BK  |k ICR 
952 |0 0  |1 0  |4 0  |6 234_200000000000000_GUA_1965  |7 0  |8 A  |9 296050  |a BIBTEO  |b BIBTEO  |d 2019-11-20  |i 3384519  |o 234.2 GUA 1965  |p 3384519  |r 2025-01-17  |w 2019-11-20  |y BK  |k ICR